[Event "CEZ Chess Trophy 2018"]
[Site "Prague"]
[Date "2018.06.16"]
[Round "10"]
[White "Harikrishna, P."]
[Black "Navara, David"]
[Result "1-0"]
[WhiteElo "2732"]
[BlackElo "2727"]
[Annotator "TA"]
[PlyCount "66"]
[EventDate "2018.??.??"]
[EventType "match"]
[EventCountry "CZE"]
[SourceTitle "playchess.com"]
[Source "ChessBase"]
[SourceQuality "1"]

{[%evp 9,66,9,19,14,18,9,15,19,39,29,47,0,35,30,64,44,45,47,45,46,42,43,45,47,47,48,121,55,43,0,0,0,22,27,25,28,23,20,26,27,41,20,224,224,212,213,336,336,561,222,222,228,239,237,205,213,204,212,138]} 1. e4 c5 2. Nf3 d6 3. d4 cxd4 4. Qxd4 Nf6 5. Be2 (5. Bb5+ Bd7 6. c4 Nc6 7. Qd3 g6 8. O-O Bg7 9. Nc3 O-O 10. h3 Rc8 11. Be3 a6 12. Bxc6 Bxc6 {½-½ (26) Karjakin,S (2760)-Nepomniachtchi,I (2729) Riadh 2017}) 5... Nc6 6. Qe3 {B53: Sicilian: 2...d6: Lines with Qxd4} Bg4 $146 ({Predecessor:} 6... g6 7. h3 Bg7 8. O-O O-O 9. Rd1 Nd7 10. Nc3 a6 11. Qg5 Nde5 12. Nxe5 Bxe5 {1-0 (43) Mazi,L (2345)-Wallner,J (2313) Traun 2017}) 7. O-O g6 8. Rd1 {The position is equal.} (8. Nc3 {is interesting.} Bg7 9. Nd5 Nd7 10. c3 O-O 11. Rd1) 8... Bxf3 9. Bxf3 Bg7 10. c4 Qc7 11. Nc3 Ne5 12. b3 (12. Be2 {is more complex.} O-O 13. b3 Neg4 14. Qg3 Qc6 15. Bg5) 12... Nxf3+ 13. Qxf3 O-O 14. Be3 Qa5 15. Rac1 a6 16. Bd2 Rfc8 17. h3 b5 (17... Qe5 $14) 18. Nd5 (18. e5 $16 dxe5 19. Na4) 18... Qd8 $14 19. Be3 {aiming for Nb6.} Nxd5 20. cxd5 Rc3 21. Rxc3 Bxc3 22. Rc1 $36 {[%mdl 2048] White is pushing.} Rc8 23. Qe2 Qa5 24. Rc2 Rc7 25. Qd1 Be5 $2 (25... Kf8 $11 {and Black has nothing to worry.}) 26. Rc6 $1 $18 Rxc6 27. dxc6 b4 (27... Qc3 $142) 28. f4 Bf6 $2 {[#]} (28... Bxf4 {is a better defense.} 29. Bxf4 Qc5+ 30. Kh1 Qxc6) 29. Qe2 $2 (29. e5 $1 {[%mdl 512]}) 29... e6 {White is clearly better.} 30. Qd3 d5 31. exd5 exd5 {[#]} 32. Bd4 $1 {[%cal Rd4f6]} Bxd4+ 33. Qxd4 Qc7 {Precision: White = 54%, Black = 50%.} 1-0

[Event "CEZ Chess Trophy 2018"]
[Site "Prague"]
[Date "2018.06.16"]
[Round "11"]
[White "Navara, David"]
[Black "Harikrishna, P."]
[Result "0-1"]
[WhiteElo "2727"]
[BlackElo "2732"]
[Annotator "TA"]
[PlyCount "90"]
[EventDate "2018.??.??"]
[EventType "match"]
[EventCountry "CZE"]
[SourceTitle "playchess.com"]
[Source "ChessBase"]
[SourceQuality "1"]

{[%evp 14,90,2,-8,15,0,27,26,34,38,41,36,54,20,25,0,0,0,22,-56,-50,-212,-209,-201,-93,-225,-220,-204,-225,-222,-220,-217,-195,-231,-219,-212,-219,-212,-237,-220,-175,-168,-156,-221,-213,-181,0,-591,-590,-574,-575,-558,-557,-793,-689,-670,-635,-792,-779,-730,-727,-1038,-1015,-1077,-1074,-2112,-2118,-1691,-1316,-2341,-2028,-4578,-2082,-29984,-29985,-29989,-29990,-29990,-29991]} 1. c4 Nf6 2. d4 e6 3. Nc3 Bb4 4. Nf3 d5 5. e3 O-O 6. Bd2 b6 7. cxd5 exd5 8. Rc1 {LiveBook: 22 Games. E51: Nimzo-Indian: Rubinstein: 4...0-0 5 Nf3 d5} c6 (8... Bb7 9. Bd3 Be7 10. Ne5 c5 11. O-O Nc6 12. f4 cxd4 13. Nxc6 Bxc6 14. exd4 b5 15. f5 Qb6 {0-1 (29) Krasenkow,M (2628)-Wojtaszek,R (2750) Warsaw 2018}) 9. Bd3 Re8 $146 ({Predecessor:} 9... Bd6 10. h3 Re8 11. Qc2 Qe7 12. O-O Nbd7 13. Rfe1 Ne4 14. Re2 {0-1 (35) Kvitsihiya,U (2213)-Arzamastsev,A (2184) Sukhumi 2008}) 10. Ne5 {White has an edge.} Bb7 11. O-O Nbd7 12. f4 Bxc3 13. Rxc3 c5 14. Be1 Ne4 15. Qh5 Re7 16. dxc5 (16. Bxe4 $11 dxe4 17. Bh4) 16... Ndxc5 $15 17. Rf3 $2 (17. Bxe4 $15 Nxe4 18. Rc1) 17... g6 $19 18. Qh6 Qf8 ({But not} 18... Nxc3 19. Bxc3 Qf8 20. Qh4 $17) (18... f6 $1 $19 {[%cal Rf6e5] has better winning chances.} 19. Nxg6 hxg6 20. Rxc5 Rh7 21. Qxg6+ Rg7) 19. Qh4 (19. Qxf8+ $17 {was forced.} Rxf8 20. Bxe4 Nxe4 21. Ra3) 19... f6 $1 {[%cal Rf6e5]} (19... Nxc3 20. Bxc3 d4 21. Rh3 $14) 20. Rxc5 bxc5 ({Don't do} 20... Nxc5 21. Nxg6 $1 {[%mdl 512]} hxg6 22. Bxg6 $17) 21. Ng4 {aiming for Bxe4.} h5 22. Nf2 d4 23. f5 {[%cal Rf2e4]} Nxf2 24. Rxf2 Rxe3 25. Bc4+ {[#]} Kg7 $1 26. Bd2 g5 27. Qxh5 Qe8 28. Qg4 {[#]} (28. Qd1 $17 {was worth a try.}) 28... Re4 $1 {[%cal Re4g4]} 29. Qh3 Qe5 $2 ({Black should try} 29... Rd8 $19 {...Bd5 is the strong threat.} 30. Bxg5 Re1+ 31. Bf1 fxg5 32. f6+ Kg6 33. Qf5+ Kh6) 30. Bxg5 $2 {[%mdl 8192]} (30. Qh5 $11 {and White is okay.} Qe8 31. Qd1) 30... Rh8 31. Bxf6+ Qxf6 32. Qg3+ Kh6 33. Rf4 Rhe8 34. Qh3+ Kg7 35. Qg4+ Kf8 36. Qg8+ Ke7 37. Qh7+ Kd6 38. Qxb7 Rxf4 39. Qd5+ Kc7 40. Qxc5+ Qc6 41. Qxa7+ Kd6 {( -> ...Re1+)} 42. Qa3+ Ke5 (42... Qc5 $142 43. g3 Qxa3 44. bxa3 Rxf5) 43. Qd3 Kf6 {Black mates.} 44. Qd2 Qxc4 {[%csl Gc4][%cal Rf4f1]} 45. Qxf4 Re1+ {Precision: White = 34%, Black = 58%.} 0-1

[Event "CEZ Chess Trophy 2018"]
[Site "Prague"]
[Date "2018.06.16"]
[Round "12"]
[White "Harikrishna, P."]
[Black "Navara, David"]
[Result "1-0"]
[WhiteElo "2732"]
[BlackElo "2727"]
[Annotator "TA"]
[PlyCount "105"]
[EventDate "2018.??.??"]
[EventType "match"]
[EventCountry "CZE"]
[SourceTitle "playchess.com"]
[Source "ChessBase"]
[SourceQuality "1"]

{[%evp 12,105,14,11,25,22,69,59,57,59,77,33,69,60,74,50,70,52,56,68,71,75,73,70,125,91,143,119,119,116,126,136,195,174,237,41,41,0,0,-18,-17,-20,-22,-49,-53,-41,0,0,0,0,0,0,0,0,0,0,0,0,0,0,0,0,0,-10,25,18,27,18,80,85,73,29,731,720,911,836,1426,1404,1321,1343,1330,1329,1181,1112,12837,12837,12839,12839,12840,12839,12841,12841,12848,12842,12842,12843]} 1. Nf3 c5 2. c3 d5 3. d4 e6 4. Bf4 Nc6 5. e3 Nf6 6. Nbd2 Nh5 7. Bg5 {LiveBook: 26 Games. D02: 1 d4 d5 2 Nf3 sidelines, including 2...Nf6 3 g3 and 2...Nf6 3 Bf4} Qc7 (7... f6 8. Bh4 g6 9. Bd3 Be7 10. O-O b6 11. Re1 O-O 12. e4 Bb7 13. exd5 exd5 14. Nf1 cxd4 15. Nxd4 Nxd4 16. cxd4 {1-0 (32) So,W (2788)-Dominguez Perez,L (2739) Saint Louis 2017}) 8. Ne5 {[#] Threatens to win with Nxc6.} g6 $146 ({Predecessor:} 8... Nf6 9. f4 Be7 10. Bd3 Qb6 11. Rb1 cxd4 12. exd4 O-O 13. Ndf3 h6 14. Bxf6 Bxf6 {0-1 (38) Levers,T (2018)-Lievens,F (2060) France 2003}) 9. Nxc6 {White is slightly better.} bxc6 10. Be2 Rb8 11. Rb1 h6 12. Bh4 $36 {[%mdl 2048] White is more active.} g5 13. Bxh5 {[#] Hoping for Bg3.} gxh4 14. O-O Bd6 15. f4 cxd4 16. cxd4 c5 17. Nf3 {[%cal Bd2f3,Bf3e5,Be5g6][%mdl 32]} h3 (17... O-O $14) 18. g3 Rg8 (18... O-O $142) 19. Ne5 Rg7 20. Rf2 Kf8 21. Rc1 f6 (21... Kg8 $16 {was necessary.} 22. Nxf7 Rxf7) 22. Ng6+ Kg8 23. Rfc2 $2 (23. dxc5 $18 Bxc5 24. Rc3) 23... c4 $14 24. Qf3 Kh7 25. f5 exf5 26. Nf4 $1 Bxf4 $1 27. Qxf4 Qxf4 28. exf4 Rgb7 29. Re1 Bd7 30. Re7+ Kh8 31. b3 Bb5 32. Rxb7 Rxb7 $11 {[%mdl 4096] Endgame KRB-KRB} 33. Bf3 Rd7 34. Kf2 cxb3 35. axb3 Bd3 $1 {[%cal Rd3c2]} 36. Rc8+ Kg7 37. b4 Rb7 38. Bxd5 Rxb4 39. Ke3 Bf1 (39... Be4 $11 {keeps the balance.} 40. Rc7+ (40. Bxe4 fxe4 41. Kxe4 Kg6 $14) 40... Kf8 41. Bxe4 fxe4) 40. Rc7+ $16 Kf8 41. Rxa7 {Strongly threatening Rf7+.} Bc4 $2 {[%mdl 8192]} (41... Rb2 $11) 42. Rf7+ $1 $18 {White is clearly winning.} Ke8 43. Bxc4 Rxc4 44. Rxf6 {KR-KR} Rc3+ 45. Kd2 Ra3 46. Rxf5 Ra2+ 47. Ke3 Rxh2 48. Rh5 Kf7 49. Rxh6 Kg7 50. Rh4 Kg6 51. Kf3 Kf5 52. Rh5+ Kg6 53. Kg4 {Precision: White = 69%, Black = 43%.} 1-0